Most Seasons on SNL Quiz Stats

 Plays Quiz Updated Sep 3, 2019

Score 0/20 Timer 05:00
7 Plays Today
# Seasons Actor/Actress % Correct
9Kate McKinnon
62.7%
14Darrell Hammond
57.8%
8Bill Hader
54.1%
8Amy Poehler
51.9%
11Fred Armisen
49%
13Seth Meyers
48.6%
10Tim Meadows
47.7%
8Cecily Strong
47.5%
17Kenan Thompson
47.2%
8Phil Hartman
43.2%
# Seasons Actor/Actress % Correct
8Aidy Bryant
43.2%
9Jason Sudeikis
39.1%
9Bobby Moynihan
36.7%
8Maya Rudolph
31.9%
8Horatio Sanz
30.3%
8Chris Kattan
30%
9Kevin Nealon
29.8%
8Will Forte
28.2%
12Al Franken
27.8%
8Chris Parnell
25.2%

You're not logged in!

Compare scores with friends on all Sporcle quizzes.
OR
Log In

Sporcle TV

Today on Sporcle TV


Watch our educational content, quiz creation guides, and fun videos on Sporcle TV.

Show Comments

Extras

Top Quizzes Today


Score Distribution

Your Account Isn't Verified!

In order to create a playlist on Sporcle, you need to verify the email address you used during registration. Go to your Sporcle Settings to finish the process.

Report this User

Report this user for behavior that violates our Community Guidelines.

Details: